000 01581nam a2200253 a 4500
005 20140908095041.0
008 140123b2005 ck ||||| |||| 00| 0 spa d
041 _aspa
044 _ack
090 _aIAVH
_b00364
100 1 _aTejada-Galvis, Jorge Omar
_94897
245 1 0 _aPlan de usos y aprovechamiento de los recursos naturales Asociación "IVIAO" veredad la Palmera municipio de Salento-Quindío
260 _aArmenia
_bInstituto Alexander von Humboldt
_c2005
300 _a147 p.
_c28 cm.
500 _aIncluye documento de anexos
520 _aFormulación de planes de uso y aprovechamiento de los recursos naturales de la región en el contexto del Proyecto Fortalecimiento y Capacitación para el Desarrollo Empresarial Sostenible, a partir del productos del bosque. Se elaboran los mapas de la zona de influencia de la Asociación. Se describe la zona de influecnia de las asociaciones participantes en cuanto a aspectos biofísicos y sociales: Se formulan propuestas de gestión de la calidad y buenas prácticas agrícolas, con su sistema de control para las empresas de la zona de estudio, se capacita a los asociados en aspectos relacionados con el plan de uso y aprovechamiento de los recursos naturales, las buenas prácticas agrícolas y el marco normativo para el manejo de proveedores
650 4 _aRecursos naturales
_926536
650 4 _aUso y aprovechamiento
_94899
650 4 _aDesarrollo empresarial
_94900
650 4 _aImpacto ambiental
_926537
650 4 _aBuenas prácticas agrícolas
_94901
942 _cINFORME
_2z
945 _d2005-07-06
999 _c4635
_d4635